000 00335 a2200157 4500
001 167426
020 _a
040 _cMagnum
100 _aGadotti, Moacir
240 1 0 _aPedagogia: dialogo e conflito
_lpor
245 1 0 _aPedagogia: dialogo e conflito
362 0 _a1899
440 1 _aCortez
697 _aPEDAGOGIA
942 _cBK
999 _c167426
_d167426